00306nam a2200097Ia 4500008004100000020001800041100002200059245006700081260004600148300001400194171205s9999 xx 000 0 und d a9789715428354 aAlamon, Arnold P. cArnold P. AlamonaThe Nation in Our Hearts: Essays on Mindanao bUniversity of the Philippines Pressc2017 a311 pages